| 000 | 004540000a22001810004500 | ||
|---|---|---|---|
| 003 | MACL | ||
| 005 | 20151011152723.0 | ||
| 008 | 151011b xxu||||| |||| 00| 0 eng d | ||
| 040 |
_aMACL _cMACL |
||
| 041 | _aEnglish | ||
| 082 | _a920/ART | ||
| 100 |
_aYapanchitra Books _914383 |
||
| 245 |
_aGreatest Men Of History 2 _bvol 2 |
||
| 260 |
_bYapanchitra Books _c2008 _aKolkata |
||
| 350 | _a200 | ||
| 650 |
_aBiography _914384 |
||
| 942 |
_cBK _k920/ART _2ddc |
||
| 999 |
_c42189 _d42189 |
||